| LEADER |
01026nam0a2200205 450 |
| 001 |
16848326 |
| 010 |
|
|
|a 978-2-246-83094-8
|b br.
|d 16,5
|
| 100 |
|
|
|a 20211217d2022 u u0frey01 ba
|
| 101 |
0 |
|
|a fre
|
| 102 |
|
|
|a FR
|
| 200 |
0 |
|
|a Qui terre a, guerre a
|f Jean Rouaud
|
| 207 |
|
1 |
|a
|
| 210 |
|
|
|a Paris
|b 61 rue des Saints Pères.
|c Grasset
|d 2022
|
| 215 |
|
|
|a 1 vol. (180 p.)
|d 19 x 12 cm
|
| 225 |
1 |
|
|a Espace vert
|
| 330 |
|
|
|a Selon les fresques du Tassili et du Levant espagnol, la guerre, affrontement de deux groupes armés, serait une invention du néolithique due à la convoitise des biens produits par l'agriculture et l'élevage, apparus à la même époque. Au XXIe siècle, les nitrites, pesticides et fongicides, un temps considérés comme des progrès, sont un héritage direct des guerres du XXe siècle. Electre 2022
|
| 700 |
|
0 |
|a Rouaud
|b Jean
|4 70
|
| 900 |
|
|
|a Documentaire
|
| 901 |
|
|
|a Accessible au prêt
|
| 995 |
|
|
|a Bibliothèque
|c Bibliothèque
|f 00156012860235
|h 00156012860235
|k 840 ROU
|o p
|q a
|r az
|e Bibliothèque
|